00403nam a2200193Ia 4500003000900000008004100009040001300050040001300063041000800076100001600084245002200100250001200122260001400134260000900148300001100157300001000168490002300178490000800201IT-RoPAU120407s9999 xx 000 0 und d aIT-RoPAU cIT-RoPAU aita aHugo Rahner aMaria e la Chiesa aMilano  aJaca Book c1991 a122 p. c23 cm aGià e non ancora v212